000 02026cam a2200385 a 4500
001 1669235
005 20060725211937.0
008 980128s1998 nyua b 001 0 eng
010 _a2005044085
020 _a0684847434 (hardcover)
020 _a9780684847436
020 _a9780743270571 (pbk)
020 _a0743270576 (pbk)
040 _aDLC
_cDLC
_dDLC
050 0 0 _aHD30.28
_b.M564 1998
082 0 0 _a658.4012
_221
_bMIN
100 1 _aMintzberg, Henry.
_93465
245 1 0 _aStrategy Safari :
_bA Guided Tour Through the Wilds of Strategic Management /
_cHenry Mintzberg, Bruce Ahlstrand, Joseph Lampel.
260 _aNew York :
_bFree Press,
_cc1998.
300 _ax, 406 p. :
_bill. ;
_c25 cm.
504 _aIncludes bibliographical references (p. 375-395) and index.
650 0 _aStrategic planning.
_93466
650 0 _aBusiness planning.
_93321
700 1 _aAhlstrand, Bruce W.
_93467
700 1 _aLampel, Joseph.
_93468
856 4 2 _3Contributor biographical information
_uhttp://www.loc.gov/catdir/bios/simon051/98009694.html
856 4 2 _3Publisher description
_uhttp://www.loc.gov/catdir/description/simon031/98009694.html
856 4 1 _3Table of contents only
_uhttp://www.loc.gov/catdir/enhancements/fy0631/98009694-t.html
856 4 1 _3Sample text
_uhttp://www.loc.gov/catdir/enhancements/fy0641/98009694-s.html
942 _2ddc
_cNB
999 _c11249
_d11249